000 00424nam a2200145Ia 4500
008 100122s9999 xx 000 0 und d
082 _b71008
_a824
100 _aठाकूर दिलीप
245 _aअप्परस्टॉल
260 _bआमोद प्रकाशन
_c2006
300 _a153
630 _aअप्परस्टॉल
730 _aअप्परस्टॉल
942 _cBOOK
999 _c441694
_d441691